000 00878nam a2200265 u 4500
005 20230420063531.0
008 120305s2009 ag r 000 0 spa d
020 _a9788461090280
035 _aUPN01000183558
049 _aCG
050 4 _aB3248 G3.4
_bD3.3
100 1 _aDerrida, Jacques,
_d1930-2004
_930374
245 1 0 _aCarneros :
_bel diálogo ininterrumpido: entre dos infinitos, el poema /
_cJacques Derrida ; tr. Irene Agoff.
260 _aBuenos Aires :
_bAmorrortu,
_c2009.
300 _a76 p.
440 0 _aNómadas
534 _pTraducción de:
_tBéliers : le dialogue ininterrompu: entre deux infinis, le poéme
600 1 4 _aGADAMER, HANS GEORG,
_d1900-2002
600 1 4 _aCELAN, PAUL,
_d1920-1970
650 4 _aPOETICA
_91326
650 2 _aFilosofía
_ySiglo XX
_920428
650 4 _aFILOSOFIA -
_ySIGLO XXI
_920429
905 _aLibro
999 _c155661
_d155661